000
00210nam a2200085Ia 4500
008
120527s9999 xx 000 0 und d
100
_a
STOKES, J.B
245
_a
Agricultural engieering in development
942
_c
BK
999
_c
25124
_d
25124